00874nam a22002657a 450000500170000000800410001701000140005802000230007203500130009503700150010804000180012308200110014110000200015224500860017226000410025827000490029930000270034850000520037561000300042765000250045765000380048265000370052065100300055770000210058720090429104525.0090429t xxu||||| |||| 00| 0 eng d aENG-93315 a8188683833c960.00 aEN-76848 bDBAD / PUB adplbEnglish  a382.92 aBhuimali, Anil  aForeign trade of India under WTO regime /cby Anil Bhuimali (and) Satrajit Dutta  aDelhi bAbhijeet Publications c2006 a2/46, Tukhmeerpur Extension bDelhi e110094 avi, 368p. c22cm (Hb)  aIncludes bibliographical references and index  aWorld Trade Organization. aInternational trade. aInternational economic relations. aForeign trade regulationzIndia. aIndiaxCommercial policy. aDutta, Satrajit